00643nam a2200157Ia 4500008004100000020002200041050002400063100002300087245012200110260003600232300002000268440003100288500005500319504004200374650006900416120721s9999 xx 000 0 und d a978-84-3301-042-1 aHF 5548.8 M818 1994 aMuchinsky, Paul M. aPsicologia aplicada al trabajo: una introducción a la psicología industrial y organizacional / Paul M. Muchinsky. aEspaña : Desclée de Brouwer a655 p. ; 24 cm. aBiblioteca de psicología aTraducción de: Psychology cole applied to work. aIncluye referencias bibliográficas. a1. Comportamiento organizacional. 2. Psicología industrial.Ì